| 000 | 01244nam a2200301 i 4500 | ||
|---|---|---|---|
| 001 | 183944 | ||
| 003 | ES-MaACL | ||
| 005 | 20230906222016.0 | ||
| 008 | 141211m19821985sp h |||| | spa d | ||
| 020 | _a84-7013-191-5 | ||
| 080 | _a946.52(262.2 Ebro)"10/11"(093.2) | ||
| 080 | _a312(465.2:262.2 Ebro)"10/11" | ||
| 245 | 0 | 0 |
_aDocumentos para el estudio de la reconquista y repoblación del valle del Ebro / _c[compilación] José Mª Lacarra ; índices por María Teresa Iranzo Muñío y María José Sánchez Usón. |
| 250 | _aimp. por facsímil. | ||
| 260 |
_aZaragoza : _bAnubar, _c1982-1985. |
||
| 300 |
_a2 v. ; _c22 cm. |
||
| 490 | 1 |
_aTextos medievales ; _v62-63 |
|
| 500 | _aÍndices. | ||
| 505 | 8 |
_aContiene: v. 1 ; _tNúmeros 1 a 319 - v. 2 ; _tNúmeros 320 a 433. Índices |
|
| 650 | 7 |
_aColonización interior- _zNavarra (Reino)- _vFuentes. _9156049 |
|
| 650 | 7 |
_aColonización interior- _zAragón (Reino)- _vFuentes. _9156050 |
|
| 700 | 1 |
_aLacarra, José María ( _d1907-1987) _969329 |
|
| 700 | 1 |
_aIranzo Muñío, María Teresa. _9156056 |
|
| 700 | 1 |
_aSánchez Usón, María José. _9156057 |
|
| 830 | 0 |
_aTextos medievales ; _v62-63 _9179970 |
|
| 852 |
_aES-MaACL _jE-15449-50 _z- enc. tela |
||
| 999 |
_c183944 _d183944 |
||